[Event "Wijk op"]
[Site "Wijk aan Zee"]
[Date "1993.??.??"]
[Round "1"]
[White "Lputian, Smbat G"]
[Black "Van der Sterren, Paul"]
[Result "0-1"]
[WhiteElo "2610"]
[BlackElo "2490"]

1.d4 Nf6 2.c4 e6 3.Nf3 d5 4.Nc3 Be7 5.Bf4 O-O 6.e3 c5 7.dxc5 Bxc5 8.Qc2 Nc6
9.a3 Qa5 10.O-O-O Be7 11.g4 dxc4 12.Bxc4 e5 13.g5 exf4 14.gxf6 Bxf6 15.Nd5 Ne7
16.Rhg1 Kh8 17.Nxf6 gxf6 18.Qe4 Ng6 19.Qd4 Qb6 20.Qxb6 axb6 21.Rd6 fxe3 22.fxe3 Ra5
23.Kd2 Rc5 24.Bd5 Kg7 25.Nd4 Re8 26.e4 Re5 27.Rf1 Ne7 28.Rdxf6 Nxd5 29.Rxf7+ Kg8
30.exd5 Rexd5 31.Ke3 Rd8 32.Re7 Rh5 33.Rg1+ Kf8 34.Rgg7 Rh3+ 35.Nf3 Bg4 36.Ref7+ Ke8
37.Rf4 h5 38.Rff7 Rd6 39.Kf2  0-1

[Event "Zuerich op"]
[Site "Zuerich"]
[Date "1993.??.??"]
[Round "?"]
[White "Christen, Peter"]
[Black "Kelecevic, Nedeljko"]
[Result "0-1"]
[WhiteElo "2255"]
[BlackElo "2465"]

1.d4 Nf6 2.c4 e6 3.Nf3 d5 4.Nc3 Be7 5.Bf4 O-O 6.e3 c5 7.dxc5 Qa5 8.Nd2 dxc4
9.Bxc4 Qxc5 10.Qe2 Nc6 11.O-O Nh5 12.Bc7 Na5 13.Bxa5 Qxa5 14.Nb3 Qg5 15.f4 Qg6
16.Nd4 Kh8 17.Nf3 f6 18.Nd4 f5 19.Nf3 a6 20.Rad1 Bc5 21.Ne5 Qe8 22.Bb3 Nf6
23.Rf3 b5 24.Rh3 g6 25.Qc2 Bb7 26.Nd5 Rc8 27.Nxf6 Rxf6 28.Qd2 Rc7 29.Nd7 Be7
30.Nxf6 Bxf6 31.Qd6 Re7 32.Qd8 Qxd8 33.Rxd8+ Kg7 34.Rd6 e5 35.Re6 Rxe6 36.Bxe6 e4
37.g4 fxg4 38.Bxg4 h5 39.Bd7 h4 40.b3 Kf8 41.Kf2 Ke7 42.Bg4 Bc6 43.Be2 Bd7
44.Bf1 Kd6 45.Ke2 Kc5 46.Kd2 Kb4 47.Kc2 g5 48.fxg5 Bxg5 49.Bg2 Bf6 50.Bf1 a5
51.Bg2 Bf5 52.Bf1 a4 53.bxa4 Kxa4 54.Kb1 b4 55.Bg2 Ka3 56.Rg3 hxg3 57.hxg3 Bg5
58.g4 Bg6 59.Bf1 Bxe3 60.Bc4 Bg5 61.Kc2 Be8 62.Be6 Ba4+ 63.Kb1 Bd1  0-1

[Event "Aarhus int"]
[Site "Aarhus"]
[Date "1994.??.??"]
[Round "2"]
[White "Kjeldsen, Jens"]
[Black "Pedersen, Daniel Vesterbaek"]
[Result "1-0"]
[WhiteElo "2365"]
[BlackElo "2230"]

1.d4 d5 2.c4 e6 3.Nc3 Be7 4.Nf3 Nf6 5.Bf4 O-O 6.e3 c5 7.dxc5 Bxc5 8.Qc2 Nc6
9.a3 Qa5 10.Nd2 Bb4 11.cxd5 exd5 12.Bd3 d4 13.O-O Bxc3 14.Nc4 Qh5 15.bxc3 dxe3
16.Nxe3 Bd7 17.Rab1 Na5 18.Nf5 Nd5 19.Bd2 Bxf5 20.Bxf5 Nc4 21.Bc1 Nxc3 22.Rb4 Ne2+
23.Kh1 Nd4 24.Qxc4 Nxf5 25.g4 Qh3 26.gxf5 Rac8 27.Rb3 Qxf5 28.Qd3 Qe6 29.Rg1 Rfd8
30.Qf3 Rc2 31.Bb2  1-0

[Event "Aarhus int"]
[Site "Aarhus"]
[Date "1994.??.??"]
[Round "7"]
[White "Berg, Klaus"]
[Black "Pedersen, Daniel Vesterbaek"]
[Result "1/2-1/2"]
[WhiteElo "2440"]
[BlackElo "2230"]

1.d4 d5 2.c4 e6 3.Nc3 Be7 4.Nf3 Nf6 5.Bf4 O-O 6.e3 c5 7.dxc5 Qa5 8.a3 dxc4
9.Bxc4 Qxc5 10.Qe2 Nd5 11.Bxd5 exd5 12.O-O Nc6 13.Rfd1 Be6 14.Rac1 Qa5 15.Rd3 d4
16.Ne4 Qa6 17.exd4 Bc4 18.Rxc4 Qxc4 19.d5 f5 20.Nc3 Qxf4 21.dxc6 Bf6 22.cxb7 Rab8
23.Nd5 Qc1+ 24.Rd1 Qxb2 25.Ne7+ Kh8 26.Qxb2 Bxb2 27.Rd7 Rfd8 28.Ng5 Rf8 29.Nc6 Rbe8
30.h4 Bxa3 31.Nf7+ Kg8 32.Nfd8 Re1+ 33.Kh2 Rb1 34.b8=Q Rxb8 35.Nxb8 a5 36.Nbc6 a4
37.Ne6 Re8 38.Nxg7 Ra8 39.Nxf5 Bf8 40.Ra7 Rxa7 41.Nxa7 a3 42.Ne3 Bc5 43.Nc2 Bxa7
44.Nxa3 Bxf2 45.Kh3 h5 46.g3 Kg7 47.Kg2 Bc5 48.Nb5 Kg6 49.Kf3 Kf5 50.Nc3 Bd6
51.Nd5 Kg6 52.Nf4+ Kh6 53.Ke4 Bb4 54.Nd3 Bd6 55.Nf4 Bb4 56.Nd3 Bd6 57.Ne5 Bb4
58.Nc6 Bd6 59.Nd4 Kg6 60.Nf5 Bc7 61.Ne7+ Kf6  1/2-1/2

[Event "Altensteig-J"]
[Site "Altensteig"]
[Date "1994.??.??"]
[Round "?"]
[White "Pelletier, Yannick"]
[Black "Dubiel, Jacek"]
[Result "0-1"]
[WhiteElo "2365"]
[BlackElo "2395"]

1.d4 d5 2.c4 e6 3.Nc3 Nf6 4.Nf3 Be7 5.Bf4 O-O 6.e3 c5 7.dxc5 Bxc5 8.Qc2 Qa5
9.a3 a6 10.Nd2 Be7 11.Nb3 Qb6 12.O-O-O Qa7 13.e4 dxc4 14.Bxc4 Nbd7 15.e5 Qb8
16.Bg3 Ng4 17.Rhe1 g6 18.Nd4 Qc7 19.Ba2 Kh8 20.Qe2 Nh6 21.Bf4 Ng8 22.Rd3 b5
23.Kb1 Bb7 24.h4 Nc5 25.Rg3 Rfd8 26.Nc2 a5 27.Nxb5 Qb6 28.Nd6 Kg7 29.Rc3 Rab8
30.b4 Na4 31.Rg3 Bxh4 32.Qd3 Bxg3 33.fxg3 Qc6 34.Bc4 axb4 35.axb4 Qxg2 36.Bg5 Rd7
37.Nf5+ gxf5 38.Qxd7 Be4 39.Qxa4 Bxc2+ 40.Qxc2 Rxb4+ 41.Bb3 Qxg3 42.Re3 Qxg5
43.Qc3 Re4 44.Rg3 Rg4 45.Rd3 Rg1+ 46.Kb2 Rg2+ 47.Bc2 Ne7 48.Rd8 Nd5 49.Qc8 Kh6  0-1

[Event "Altensteig-J"]
[Site "Altensteig"]
[Date "1994.??.??"]
[Round "?"]
[White "Maiwald, Jens Uwe"]
[Black "Masserey, Yvan"]
[Result "1-0"]
[WhiteElo "2490"]
[BlackElo "2315"]

1.Nf3 d5 2.d4 Nf6 3.c4 e6 4.Nc3 Be7 5.Bf4 O-O 6.e3 c5 7.dxc5 Bxc5 8.a3 Nc6
9.Be2 a6 10.Qc2 Qa5 11.O-O dxc4 12.Bxc4 Be7 13.b4 Qb6 14.Rfd1 Qa7 15.e4 h6
16.e5 Nd7 17.Qe4 Rd8 18.Bd3 Nf8 19.Be3 Qb8 20.Bb6 Re8 21.b5 Na7 22.Rab1 Bd7
23.bxa6 Bc6 24.Qe3 bxa6 25.Bxa6 Nc8 26.Nd4 Bd7 27.Bc5 Qc7 28.Bb7 Bxc5 29.Bxa8 Nb6
30.Be4 Nc4 31.Qg3 Qa5 32.a4 Bb4 33.Nb3 Qxe5 34.Qxe5 Nxe5 35.Nb5 f5 36.Rd4 Be7
37.f4 fxe4 38.fxe5 Bc6 39.Rc1 Bd5 40.Nc5 Ng6 41.Nd6 Rb8 42.Ncxe4 Rb2 43.Rc8+ Kh7
44.Rc7 Nf4 45.Nf6+ Bxf6 46.exf6 Rb1+ 47.Kf2 Rb2+ 48.Kg1 Rb1+ 49.Kf2 Rb2+
50.Ke1 Nxg2+ 51.Kd1 Rb1+ 52.Kc2 Rf1 53.Rxg7+ Kh8 54.Nf7+  1-0

[Event "Antwerp op"]
[Site "Antwerp"]
[Date "1994.??.??"]
[Round "2"]
[White "Gurevich, Mikhail"]
[Black "Weemaes, Ronald"]
[Result "1-0"]
[WhiteElo "2620"]
[BlackElo "2330"]

1.d4 Nf6 2.c4 e6 3.Nc3 d5 4.Nf3 Be7 5.Bf4 c6 6.e3 O-O 7.Qc2 Nbd7 8.Rd1 Qa5
9.a3 Ne4 10.Bd3 Ndf6 11.O-O Nxc3 12.bxc3 dxc4 13.Bxc4 Nd5 14.Rc1 Nxf4 15.exf4 Qxa3
16.Rfe1 Qd6 17.Ne5 Bf6 18.Rcd1 g6 19.Re3 Bg7 20.h4 a5 21.h5 b5 22.Ba2 Ra7
23.hxg6 fxg6 24.Nd3 Kh8 25.g3 Re7 26.Nc5 Qc7 27.Rde1 Rfe8 28.Kg2 b4 29.Rh1 bxc3
30.Qxg6 Bxd4 31.Rxh7+ Rxh7 32.Qxe8+ Kg7 33.Nxe6+ Bxe6 34.Rxe6  1-0

[Event "AUT-chT"]
[Site "?"]
[Date "1994.??.??"]
[Round "?"]
[White "Schroll, Gerhard"]
[Black "Brestian, Egon"]
[Result "1/2-1/2"]
[WhiteElo "2385"]
[BlackElo "2460"]

1.d4 d5 2.c4 e6 3.Nc3 Nf6 4.Nf3 Be7 5.Bf4 O-O 6.e3 b6 7.cxd5 exd5 8.Bd3 c5
9.Ne5 Bb7 10.Qf3 Nc6 11.O-O cxd4 12.Nxc6 Bxc6 13.exd4 Qd7 14.h3 Rae8 15.Be5 Ne4
16.Nxe4 dxe4 17.Bxe4 Bxe4 18.Qxe4 f6 19.Bf4 Bc5 20.Qd3 Qxd4 21.Qb3+ Rf7 22.Be3 Qb4
23.Bxc5 Qxb3 24.axb3 bxc5 25.Rfc1 Re5 26.Ra5  1/2-1/2

[Event "Badenweiler op"]
[Site "Badenweiler"]
[Date "1994.??.??"]
[Round "3"]
[White "Sturua, Zurab"]
[Black "Stabolewski, Andreas"]
[Result "1-0"]
[WhiteElo "2550"]
[BlackElo "2260"]

1.d4 Nf6 2.Nf3 d5 3.c4 e6 4.Nc3 Be7 5.Bf4 O-O 6.e3 c5 7.dxc5 Bxc5 8.Qc2 Nc6
9.a3 Qa5 10.Nd2 Be7 11.Bg3 d4 12.Nb3 Qb6 13.Nxd4 Nxd4 14.exd4 Qxd4 15.Bd3 a5
16.O-O g6 17.Rfd1 Qc5 18.b4 Qc6 19.b5 Qe8 20.Na4 Nd7 21.c5 f5 22.Bc7 Bf6
23.Rab1 Rf7 24.Bd6 Kh8 25.Re1 Bd8 26.c6 Nf8 27.c7 Bf6 28.Nb6 Ra7 29.Bc4 Be7
30.Qc3+ Kg8 31.Bxe7 Rxe7 32.Ba2 Kf7 33.Qc5  1-0

[Event "Berliner Sommer"]
[Site "Berlin"]
[Date "1994.??.??"]
[Round "?"]
[White "Maiwald, Jens Uwe"]
[Black "Boensch, Uwe"]
[Result "0-1"]
[WhiteElo "2445"]
[BlackElo "2540"]

1.d4 Nf6 2.Nf3 d5 3.c4 e6 4.Nc3 Be7 5.Bf4 O-O 6.e3 c5 7.dxc5 Bxc5 8.a3 Nc6
9.Be2 dxc4 10.Bxc4 a6 11.Qc2 b5 12.Bd3 Bb7 13.Ne4 Be7 14.Nxf6+ Bxf6 15.Bxh7+ Kh8
16.Rd1 Qa5+ 17.Ke2 Rac8 18.Qb1 b4 19.Rd7 Ba8 20.Rhd1 bxa3 21.bxa3 Ne5 22.Bxe5 Bxf3+
23.gxf3 Bxe5 24.Bd3 Rb8 25.Rb7 Qxa3 26.f4 Bb2 27.Rxb8 Rxb8 28.Rd2 a5 29.Qf1 Kg8
30.Qh3 Qb4 31.Qh7+ Kf8 32.Rc2 Qd6 33.f5 Be5 34.f4 Bf6 35.fxe6 fxe6 36.Qe4 Qd7
37.Bc4 Rd8 38.Bd3 a4 39.Ra2 Qf7 40.Qf3 Qd7 41.Qe4 Qe8 42.Qb4+ Be7 43.Qb5 a3
44.Qxe8+ Rxe8 45.Bc4 Bb4 46.Bb3 Ke7 47.Rc2 Bd6 48.Kd3 Rd8 49.Ke4 Rb8 50.Ba2 Rb4+
51.Kd3 e5 52.fxe5 Bxe5 53.Rg2 Rh4 54.Rf2 Kd6 55.Rg2 Ke7 56.Rf2 Rxh2 57.Rxh2 Bxh2
58.Ke4 Kf6 59.Kf3 Kg5 60.Kg2 Bc7 61.Kf3 Kh4  0-1

[Event "Berliner Sommer"]
[Site "Berlin"]
[Date "1994.??.??"]
[Round "?"]
[White "Tyrtania, Maximilian"]
[Black "Ginsburg, Gennadij"]
[Result "1/2-1/2"]
[WhiteElo "2235"]
[BlackElo "2430"]

1.d4 Nf6 2.c4 e6 3.Nc3 d5 4.Nf3 Be7 5.Bf4 O-O 6.e3 c5 7.dxc5 Bxc5 8.a3 Nc6
9.cxd5 exd5 10.Be2 Be6 11.O-O h6 12.Rc1 Be7 13.Ne5 Bd6 14.Nxc6 bxc6 15.Qa4 c5
16.Rfd1 Rb8 17.Bxd6 Qxd6 18.Rd2 Rfd8 19.Bf3 d4 20.Qxa7 Bg4 21.Ne2 Bxf3 22.gxf3 Qd5
23.Qxc5 Qxf3 24.Ng3 Qb7 25.Rcd1 Rd5 26.Qc4 h5 27.Rxd4 Rxd4 28.Qxd4 Qf3 29.Rf1 Ng4
30.Nxh5 f6 31.Ng3 Ne5 32.Qe4 Rxb2 33.Qxf3 Nxf3+ 34.Kg2 Nh4+ 35.Kh3 Nf3 36.Kg2 Nh4+
37.Kh3  1/2-1/2

[Event "Budapest FS07 GM"]
[Site "Budapest"]
[Date "1994.??.??"]
[Round "2"]
[White "Eriksson, Anders"]
[Black "Almasi, Istvan"]
[Result "1-0"]
[WhiteElo "2315"]
[BlackElo "2370"]

1.d4 d5 2.c4 e6 3.Nf3 Nf6 4.Nc3 Be7 5.Bf4 O-O 6.e3 c5 7.dxc5 Bxc5 8.Be2 dxc4
9.Bxc4 a6 10.O-O b5 11.Bd3 Bb7 12.e4 b4 13.Na4 Be7 14.Qc2 Nbd7 15.Bc7 Qc8
16.Rac1 Ne8 17.Ba5 Qb8 18.Qb3 Nef6 19.Rc4 Rc8 20.Rfc1 Qf4 21.Rxc8+ Bxc8 22.Rc4 Ne5
23.Nxe5 Qxe5 24.Bc7 Bd6 25.Bxd6 Qxd6 26.Rxb4 Ng4 27.g3 a5 28.Rc4 Ne5 29.Rc3 Nf3+
30.Kg2 Ne1+ 31.Kg1 Nf3+ 32.Kg2 Ne1+ 33.Kh1 h6 34.Qd1 Ba6 35.Qxe1 Bxd3 36.Nc5 Bb5
37.Kg2 Qd4 38.Qe3 Qb4 39.b3 Rd8 40.h4 h5 41.a4 Be8 42.Rc4 Qb6 43.Qc3 Rb8
44.Qe5 f6 45.Qxe6+ Qxe6 46.Nxe6 Bf7 47.Rc6 Rxb3 48.Rc8+ Kh7 49.Nf8+ Kh6 50.Nd7 Kh7
51.Ra8 f5 52.Ne5 Bg8 53.Nf3 fxe4 54.Ng5+ Kh8 55.Nxe4 Rb4 56.Nc3 g6 57.Rxa5 Rc4
58.Ne2 Be6 59.Nf4 Bf5 60.Nxh5 Be4+ 61.f3 Rc2+ 62.Kg1 Bxf3 63.Nf4 Be4 64.Re5 Rc4
65.a5 Kg7 66.Kf2 Kf6 67.Rb5 Bc6 68.Rg5 Be4 69.Ke3 Bf5 70.g4 Bb1 71.Rb5  1-0

[Event "Budapest FS03 IM-B"]
[Site "Budapest"]
[Date "1994.??.??"]
[Round "4"]
[White "Kerek, Csaba"]
[Black "Izsak, Gyula"]
[Result "0-1"]
[WhiteElo "2170"]
[BlackElo "2365"]

1.d4 d5 2.c4 e6 3.Nc3 Nf6 4.Nf3 Be7 5.Bf4 O-O 6.e3 c6 7.Qc2 Nbd7 8.Bd3 a6
9.O-O dxc4 10.Bxc4 b5 11.Bd3 c5 12.dxc5 Nxc5 13.Be2 Bb7 14.Rad1 Qb6 15.Nd2 Rac8
16.Bf3 Bxf3 17.gxf3 Qb7 18.Qb1 a5 19.Kh1 Rfd8 20.Nde4 Nfxe4 21.Nxe4 f5 22.Nd2 Nd3
23.Bg3 Bb4 24.Kg2 Bxd2  0-1

[Event "Budapest Spring op"]
[Site "Budapest"]
[Date "1994.??.??"]
[Round "4"]
[White "Csiszar, Csaba"]
[Black "Gasthofer, Viktor"]
[Result "0-1"]
[WhiteElo "2340"]
[BlackElo "2325"]

1.d4 e6 2.Nf3 d5 3.c4 Nf6 4.Nc3 Be7 5.Bf4 O-O 6.e3 c5 7.cxd5 Nxd5 8.Bg3 Nc6
9.Bc4 cxd4 10.exd4 Bf6 11.Ne4 Qa5+ 12.Kf1 Be7 13.Qe2 Qd8 14.h4 h6 15.Rd1 b6
16.Ne5 Bb7 17.Nc3 Nxc3 18.bxc3 Rc8 19.Rh3 Na5 20.Bd3 Rxc3 21.Bf4 f5 22.Bc4 Rxc4
23.Nxc4 Ba6 24.Qxe6+ Kh7 25.Rc3 Rf6 26.Qe2 Bb4 27.Rc2 Rc6 28.Kg1 Bxc4 29.Qe5 Qd5
30.Qe8 Bf1 31.Rxf1 Rxc2 32.h5 Rc6 33.Be5 Nc4 34.Bg3 Nd2 35.Rd1 Ne4 36.Be5 Re6
37.Qa4 Nc3 38.Qxb4 Nxd1 39.Qf8 Rxe5  0-1

[Event "Budapest FS03 GM"]
[Site "Budapest"]
[Date "1994.??.??"]
[Round "7"]
[White "Dinstuhl, Volkmar"]
[Black "Lengyel, Bela"]
[Result "1-0"]
[WhiteElo "2365"]
[BlackElo "2345"]

1.d4 d5 2.c4 e6 3.Nf3 Nf6 4.Nc3 Be7 5.Bf4 O-O 6.e3 c5 7.dxc5 Bxc5 8.a3 Nc6
9.Qc2 Qa5 10.O-O-O Bd7 11.g4 Rfc8 12.Kb1 Bf8 13.g5 Nh5 14.Bg3 g6 15.cxd5 Bg7
16.dxc6 Bxc6 17.Be2 Bxc3 18.bxc3 Nxg3 19.hxg3 Ba4 20.Qb2 Bxd1 21.Bxd1 Rxc3
22.Nd2 Rac8 23.Ne4 Rc1+ 24.Ka2 R8c2 25.Nf6+ Kf8 26.Nxh7+ Ke7 27.Bxc2 Qd5+
28.Bb3 Qxh1 29.Qf6+ Kd6 30.Qd8+ Kc5 31.Qd4+ Kc6 32.Nf6 Qf1 33.Qd7+ Kb6 34.Qd6+ Ka5
35.Qd2+ Ka6 36.Qb2 b5 37.Ne4 Rc6 38.Qd2 Kb6 39.Qd4+ Kb7 40.Nc5+ Kc7 41.Qd7+ Kb6
42.Qd8+ Rc7 43.Qd6+ Rc6 44.Nd7+ Kb7 45.Qb8+ Ka6 46.Nc5+ Rxc5 47.Qd6+ Kb7
48.Qxc5 Qxf2+ 49.Bc2  1-0

[Event "Canete"]
[Site "Canete"]
[Date "1994.??.??"]
[Round "9"]
[White "Alvarez Ibarra, D Rafael"]
[Black "Garcia Palermo, Carlos"]
[Result "1/2-1/2"]
[WhiteElo "2430"]
[BlackElo "2490"]

1.d4 Nf6 2.Nf3 e6 3.c4 d5 4.Nc3 Be7 5.Bf4 O-O 6.e3 c5 7.dxc5 Bxc5 8.Bd3 dxc4
9.Bxc4 Nc6 10.O-O a6  1/2-1/2

[Event "Capablanca mem-A"]
[Site "?"]
[Date "1994.??.??"]
[Round "3"]
[White "Lima, Darcy"]
[Black "Hoffman, Alejandro"]
[Result "1/2-1/2"]
[WhiteElo "2500"]
[BlackElo "2540"]

1.c4 e6 2.Nc3 d5 3.d4 Nf6 4.Nf3 Be7 5.Bf4 O-O 6.Qc2 c6 7.e3 Nbd7 8.h3 Re8
9.Rd1 Nf8 10.Bd3 dxc4 11.Bxc4 Nd5 12.Bg3 Bd6 13.Bxd6 Qxd6 14.O-O Nxc3 15.bxc3 b6
16.Bd3 Bb7 17.Ng5 g6 18.f4 c5 19.Qf2 cxd4 20.cxd4 Qe7 21.e4 Rac8 22.h4 Rc3
23.e5 Rd8 24.Ne4 Bxe4 25.Bxe4 Qb4 26.Rd2 Rdc8 27.h5 Nd7 28.Rfd1 Qf8 29.Rd3 Rxd3
30.Rxd3 Rc1+ 31.Kh2 Qb4 32.Rd2 Nf8 33.Bf3 gxh5 34.f5 exf5 35.Bxh5 Qb1 36.Bf3 Rh1+
37.Kg3 h5 38.Kf4 Ng6+ 39.Kg5 Qc1 40.Kxf5 Rf1 41.Qe3 Nh4+ 42.Kf4 Qc6 43.Qe2 Qh6+
44.Ke4 Qg6+ 45.Kd5 Rc1 46.e6 Qg5+ 47.Qe5 fxe6+ 48.Kxe6 Nxf3 49.Qb8+ Kh7 50.Qb7+ Kh6
51.Qxf3  1/2-1/2

[Event "Capablanca mem-A"]
[Site "?"]
[Date "1994.??.??"]
[Round "8"]
[White "Vera, Reynaldo"]
[Black "Garcia, Gerardo"]
[Result "0-1"]
[WhiteElo "2500"]
[BlackElo "2090"]

1.d4 d5 2.c4 e6 3.Nc3 Nf6 4.Nf3 Be7 5.Bf4 O-O 6.e3 c5 7.dxc5 Bxc5 8.Qc2 Nc6
9.a3 Qa5 10.O-O-O Bd7 11.g4 Rfc8 12.Kb1 b5 13.cxb5 Ne7 14.Qd2 Bxa3 15.Nxd5 Qa4
16.Nxf6+ gxf6 17.Nd4 Bb4 18.b3 Qa5 19.Qa2 Qxa2+ 20.Kxa2 e5 21.Bc4 exd4 22.Rxd4 Be8
23.Rhd1 Bc5 24.R4d2 Kg7 25.h4 Ng6 26.Bd5 Nxf4 27.Bxa8 Rxa8 28.exf4 a6 29.Rd8 Rxd8
30.Rxd8 Bxb5 31.Rd2 f5 32.g5 Kg6 33.f3 Bb4 34.Rd5 Be2 35.h5+ Kxh5 36.Rxf5 Kg6
37.Rf6+ Kg7 38.Rh6 a5 39.f5 Bxf3 40.f6+ Kg8 41.Rh4 h5 42.gxh6 Kh7 43.Kb2 Bd1
44.Rh3 Bg4 45.Rh4 Bf5 46.Rh5 Bg6 47.Rh3 Kh8 48.Rh2 Kg8 49.Rh3 Kh7 50.Rh2 Be4
51.Rh4 Bc6 52.Rh5 Bd7 53.Rd5 Bc6 54.Rh5 Be1 55.Kc2 Bd7 56.Kd3 a4 57.bxa4 Bxa4
58.Rh2 Bd7 59.Kd4 Bf5 60.Rh1 Bb4 61.Rh2 Bg6 62.Rh1 Ba5 63.Rh3 Bd8 64.Ke5 Bc7+
65.Kd4 Bf5 66.Rh1 Bg3 67.Rh5 Be6 68.Rh1 Bf4 69.Ke4 Bxh6 70.Ke5 Kg6 71.Rg1+ Bg5
72.Rg2 Kh5 73.Rh2+ Kg4 74.Rg2+ Kh4 75.Rg1 Bd2 76.Kd4 Bg4 77.Rg2 Ba5 78.Re2 Bd8
79.Ke5 Kg5 80.Rf2 Bc7+ 81.Ke4 Bh3  0-1

[Event "Capablanca mem-A"]
[Site "?"]
[Date "1994.??.??"]
[Round "10"]
[White "Van Wely, Loek"]
[Black "Armas, Jorge"]
[Result "1-0"]
[WhiteElo "2570"]
[BlackElo "2450"]

1.d4 Nf6 2.c4 e6 3.Nf3 d5 4.Nc3 Be7 5.Bf4 Nbd7 6.Nb5 Bb4+ 7.Nd2 Ba5 8.Qa4 Bxd2+
9.Kxd2 e5 10.dxe5 Ne4+ 11.Ke1 Nec5 12.Qb4 a6 13.e6 axb5 14.exd7+ Nxd7 15.cxd5 Ra4
16.Qc3 O-O 17.Bxc7 Qg5 18.b3 Re4 19.f3 b4 20.Qb2 Re3 21.Qd4 Rfe8 22.Kf2 Ne5
23.Bxe5 R8xe5 24.Rd1 Qf5 25.Qxb4 h5 26.h4 Bd7 27.Rd2 R3e4 28.Qxb7 Rg4 29.e3  1-0

[Event "Capablanca mem-A"]
[Site "?"]
[Date "1994.??.??"]
[Round "11"]
[White "Nogueiras, Jesus"]
[Black "Garcia, Gerardo"]
[Result "1/2-1/2"]
[WhiteElo "2550"]
[BlackElo "2090"]

1.d4 d5 2.c4 e6 3.Nf3 Nf6 4.Nc3 Be7 5.Bf4 O-O 6.e3 c5 7.dxc5 Bxc5 8.a3 Nc6
9.Qc2 Qa5 10.Nd2 Bb4 11.cxd5 exd5 12.Bd3 d4 13.O-O Bxc3 14.Nc4 Qh5 15.bxc3 dxe3
16.Nxe3 Be6 17.Rfb1 Rac8 18.Be2 Qc5 19.Rxb7 Nd4 20.cxd4 Qxd4 21.Qb2 Qxf4
22.Rxa7 Ne4 23.Bf3 Nc3 24.Rb7 Rfd8 25.Rb4 Qe5 26.h3 h5 27.Rf1 Rd3 28.Kh1 g6
29.Rc1 Kh7 30.Bb7 Rc5 31.Re1 Qd6 32.Rb6 Qf4 33.Bf3 Na4 34.Qb1 Rxa3 35.Qb4 Qxb4
36.Rxb4 Ra2 37.Kg1 Nb2 38.Be4 Na4 39.Bb1 Ra3 40.Nc2 Rac3 41.Rxa4 Rxc2 42.Bxc2 Rxc2
43.Ra7 Kh6 44.Ra4 Kg5 45.Rae4 Kf6 46.R4e2 Rc5 47.f3 Rc3 48.Kf2 Ra3 49.Rc1 Ra4
50.Rc5 Bc4 51.Rd2 Be6 52.g4 hxg4 53.hxg4 Ra8 54.Rb2 Rh8 55.Ke3 Ra8 56.Rb6 Ra3+
57.Kf2 Ra4 58.Kg3 Ra3 59.Rbc6 Ra8 60.Rb6 Ra3 61.Rbb5 Bd7 62.Ra5 Rb3 63.Rd5 Be6
64.Rdb5 Rc3 65.Rb8 Rc7 66.Re8 Kg7 67.Ra6 Rc5 68.Rea8 Kf6 69.Ra5 Rc3 70.g5+ Kg7
71.Rb5 Rc8 72.Rxc8 Bxc8 73.Rb6 Bf5 74.Kf4 Bd3  1/2-1/2

[Event "Catania op"]
[Site "Cattolica"]
[Date "1994.??.??"]
[Round "6"]
[White "Forintos, Gyozo V"]
[Black "Genovese, Maurizio"]
[Result "1-0"]
[WhiteElo "2450"]
[BlackElo "2250"]

1.d4 d5 2.c4 e6 3.Nf3 Be7 4.Nc3 Nf6 5.Bf4 O-O 6.e3 c5 7.dxc5 Bxc5 8.a3 Nc6
9.Qc2 Qa5 10.Nd2 Be7 11.Nb3 Qb6 12.Rd1 e5 13.Bg5 d4 14.Bxf6 Bxf6 15.Nd5 Qd8
16.Bd3 g6 17.Nxf6+ Qxf6 18.exd4 Nxd4 19.Nxd4 exd4 20.O-O Bg4 21.f3 Bd7 22.b4 Rfe8
23.Be4 Bc6 24.b5 Bxe4 25.fxe4 Qd6 26.c5 Qd7 27.c6 bxc6 28.bxc6 Rec8 29.Rf6 Rc7
30.Qc4 Rd8 31.Rdf1 Qe8 32.e5 Qxe5 33.Rxf7 Rxf7 34.Qxf7+ Kh8 35.c7 Qe3+ 36.Kh1 Re8
37.Qd7 Qe2 38.Rg1  1-0

[Event "Chicago op2"]
[Site "Chicago"]
[Date "1994.??.??"]
[Round "7"]
[White "Herndl, Harald"]
[Black "Martinovsky, Eugene"]
[Result "0-1"]
[WhiteElo "2310"]
[BlackElo "2325"]

1.d4 Nf6 2.Nf3 d5 3.c4 e6 4.Nc3 Be7 5.Bf4 O-O 6.e3 c5 7.dxc5 Bxc5 8.Qc2 Nc6
9.a3 Qe7 10.O-O-O Rd8 11.Bg5 d4 12.Ne4 e5 13.Bd3 Bg4 14.h3 Bh5 15.Nxf6+ gxf6
16.Bxh7+ Kg7 17.Nh4 Bxd1 18.Rxd1 Qd7 19.Bf5 Qc7 20.Qe4 fxg5 21.Qg4 Be7 22.Be4 Rh8
23.Nf5+ Kf8 24.Bd5 Na5 25.Kb1 Nxc4 26.Nxe7 Nxa3+ 27.bxa3 Qxe7 28.Qf5 Rd8
29.e4 Rh6 30.Rd3 Qf6 31.Qg4 Qxf2 32.Rf3 Rb6+ 33.Bb3 Qe1+ 34.Ka2 Qd2+ 35.Ka1 Qc1+
36.Ka2 Rxb3 37.Rxb3 Rc8 38.Rb2 Qc4+ 39.Ka1 Qc3 40.Ka2 Qc4+ 41.Ka1 Qc1+ 42.Ka2 Rc2
43.Rxc2 Qxc2+ 44.Ka1 Qc1+ 45.Ka2 d3 46.Qd7 Qc4+ 47.Kb2 Kg7 48.Qg4 Qd4+ 49.Kc1 Qc3+
50.Kb1 Qb3+ 51.Ka1 Qxa3+ 52.Kb1 Qb3+ 53.Ka1 Qa4+ 54.Kb2 f6 55.Qe6 d2 56.Qe7+ Kg6
57.Qf8 Qd4+ 58.Ka3 Qc3+ 59.Ka2 Qc4+  0-1

[Event "Copenhagen op16"]
[Site "Copenhagen"]
[Date "1994.??.??"]
[Round "6"]
[White "Hansen, Lars Bo"]
[Black "Lyrberg, Patrik"]
[Result "1/2-1/2"]
[WhiteElo "2545"]
[BlackElo "2415"]

1.d4 Nf6 2.Nf3 e6 3.c4 d5 4.Nc3 Be7 5.Bf4 O-O 6.e3 c6 7.Qc2 Nbd7 8.a3 Re8
9.h3 dxc4 10.Bxc4 b5 11.Bd3 Bb7 12.O-O a6 13.b4 a5 14.Rab1 h6 15.e4 axb4
16.axb4 Ra3 17.Bc1 Ra6 18.Be3 Nb6 19.Rfc1 Qa8 20.Ne5 Rd8 21.f4 Nfd7 22.Nxd7 Rxd7
23.Qf2 Nc4 24.Bxc4 bxc4 25.Qf1 Ra3 26.Ra1 Bxb4 27.Rxa3 Qxa3 28.Qxc4 Ba6 29.Qa2 Qxa2  1/2-1/2

[Event "DEN-chT 9495"]
[Site "?"]
[Date "1994.??.??"]
[Round "1"]
[White "Jensen, Jacob Bjerre"]
[Black "Tatari, Ejnar Amir"]
[Result "0-1"]
[WhiteElo "2225"]
[BlackElo "2325"]

1.d4 d5 2.Nf3 Nf6 3.c4 e6 4.Nc3 Be7 5.Bf4 O-O 6.e3 Nbd7 7.cxd5 Nxd5 8.Nxd5 exd5
9.Be2 Nf6 10.O-O c6 11.Ne5 Bf5 12.Rc1 Ne4 13.Bg4 Qc8 14.Bf3 Qe6 15.Nd3 g5
16.Bg3 Nxg3 17.hxg3 Bxd3 18.Qxd3 f5 19.Rfe1 Bd6 20.Qb3 Qf7 21.Bd1 Rae8 22.Qd3 Re6
23.Rb1 g4 24.Rf1 Rfe8 25.Bc2 Rf6 26.f3 gxf3 27.Rxf3 Qg6 28.Rbf1 Bxg3 29.Rxf5 Rxf5
30.Qxf5 Qxf5 31.Bxf5 Rxe3 32.Bc8 Re7 33.Rd1 Kg7 34.b3 Bh4 35.Kh2 Bf6 36.a4 a5
37.Kg3 Re3+ 38.Kf2 Rxb3 39.Ke2 Rb4 40.Kf3 b6 41.Bd7 Rc4 42.Ke3 Kf7 43.Bf5 h6  0-1

[Event "Djakovo op"]
[Site "Djakovo"]
[Date "1994.??.??"]
[Round "9"]
[White "Ibragimov, Ildar"]
[Black "Sentic, Pero"]
[Result "1-0"]
[WhiteElo "2525"]
[BlackElo "2270"]

1.d4 Nf6 2.c4 e6 3.Nc3 d5 4.Nf3 Be7 5.Bf4 O-O 6.e3 c5 7.dxc5 Bxc5 8.Rc1 Nc6
9.cxd5 exd5 10.a3 a6 11.Bd3 Bd6 12.Bg5 Be7 13.O-O Be6 14.Bb1 Qa5 15.Qc2 g6
16.Qa4 Qxa4 17.Nxa4 Kg7 18.Rfd1 Rad8 19.Nc5 Bxc5 20.Rxc5 Rc8 21.Bf4 Nh5 22.Bg3 Nxg3
23.hxg3 Ne7 24.Rxc8 Rxc8 25.Nd4 Nc6 26.Nxe6+ fxe6 27.e4 Rd8 28.f4 dxe4 29.Rxd8 Nxd8
30.Bxe4 Kf6 31.Kf2 e5 32.Ke3 Ke6 33.g4 exf4+ 34.Kxf4 b6 35.Bd3 b5 36.Bc2 b4
37.Bb3+ Kf6 38.g5+ Ke7 39.a4 a5 40.Bd5 Kd6 41.Ke4 Ne6 42.Bxe6 Kxe6 43.b3 Kd6
44.Kd4 Kc6 45.Kc4  1-0

[Event "Dortmund"]
[Site "Dortmund"]
[Date "1994.??.??"]
[Round "6"]
[White "Dreev, Alexey"]
[Black "Lutz, Christopher"]
[Result "0-1"]
[WhiteElo "2645"]
[BlackElo "2595"]

1.d4 Nf6 2.c4 e6 3.Nf3 d5 4.Nc3 Be7 5.Bf4 O-O 6.e3 c5 7.dxc5 Bxc5 8.a3 Nc6
9.b4 Be7 10.cxd5 Nxd5 11.Nxd5 exd5 12.Bd3 a6 13.O-O Bf6 14.Rc1 Be6 15.Bb1 Qe7
16.e4 Qd7 17.Ng5 Bxg5 18.Bxg5 d4 19.Rc5 f6 20.Bf4 b6 21.Rc1 Ne5 22.Bxe5 fxe5
23.Qh5 Qd6 24.Bd3 Bf7 25.Qg5 h6 26.Qd2 a5 27.f4 exf4 28.Qxf4 Qxf4 29.Rxf4 axb4
30.axb4 Ra3 31.Rf3 Rfa8 32.Rc6 Ra1+ 33.Kf2 Bh5 34.Bc4+ Kh7 35.Rf5 Bg6 36.Rf4 b5
37.Bd3 R8a2+ 38.Kg3 Ra3 39.Rf3 Rxd3 40.Rxd3 Bxe4 41.Rxh6+ Kxh6 42.Rxd4 Ra3+  0-1

[Event "Elgoibar"]
[Site "Elgoibar"]
[Date "1994.??.??"]
[Round "?"]
[White "Vera, Reynaldo"]
[Black "Ubilava, Elizbar"]
[Result "1/2-1/2"]
[WhiteElo "2500"]
[BlackElo "2535"]

1.d4 d5 2.c4 e6 3.Nc3 Be7 4.Nf3 Nf6 5.Bf4 O-O 6.e3 c5 7.dxc5 Bxc5 8.Qc2 Nc6
9.a3 Qa5 10.Nd2 Bb4 11.cxd5 exd5 12.Bd3 d4 13.O-O Bxc3 14.Nc4 Qh5 15.bxc3 Nd5  1/2-1/2

[Event "Petrosian mem"]
[Site "Erevan"]
[Date "1994.??.??"]
[Round "?"]
[White "Lputian, Smbat G"]
[Black "Vaganian, Rafael A"]
[Result "1/2-1/2"]
[WhiteElo "2590"]
[BlackElo "2625"]

1.d4 e6 2.c4 Nf6 3.Nf3 d5 4.Nc3 Be7 5.Bf4 O-O 6.e3 c5 7.dxc5 Bxc5 8.a3 Nc6
9.Qc2 Qa5 10.Nd2 Be7 11.Nb3 Qb6 12.cxd5 Nxd5 13.Nxd5 exd5 14.Bd3 h6 15.O-O Be6
16.Rac1 Rac8 17.Nc5 Nb4 18.axb4 Qxb4 19.Na6 Rxc2 20.Nxb4 Rxc1 21.Rxc1 Bxb4
22.Rc7 Rc8 23.Rxb7 Rc1+ 24.Bf1 a5 25.g4 Bxg4 26.Kg2 Bf5 27.Be2 Rc2 28.Bh5 Be4+
29.Kg3 f6 30.f3 Bf5 31.Bg4 Be1+ 32.Kh3 Bd3 33.Be6+ Kh7 34.e4 h5 35.Bf5+ Kg8
36.Rb8+ Kf7 37.Rb7+  1/2-1/2

[Event "Garmisch"]
[Site "Garmisch"]
[Date "1994.??.??"]
[Round "2"]
[White "Van Wely, Loek"]
[Black "Lutz, Christopher"]
[Result "1-0"]
[WhiteElo "2560"]
[BlackElo "2580"]

1.d4 Nf6 2.c4 e6 3.Nf3 d5 4.Nc3 Be7 5.Bf4 O-O 6.e3 c5 7.dxc5 Bxc5 8.a3 Nc6
9.Qc2 Qa5 10.Nd2 Be7 11.Bg3 Bd7 12.Be2 Rfc8 13.O-O Qd8 14.cxd5 Nxd5 15.Nde4 Qf8
16.Rfd1 f5 17.Nxd5 exd5 18.Qb3 Be6 19.Nc3 Na5 20.Qa2 Bf6 21.Bf3 Bxc3 22.Bxd5 Bxd5
23.Qxd5+ Qf7 24.bxc3 Qxd5 25.Rxd5 Nb3 26.Rb1 Rxc3 27.h4 Rc5 28.Rd7 Na5 29.Rb4 b5
30.Bd6 Rd5 31.Rd4 Rxd4 32.exd4 Nc4 33.Bc5 a5 34.d5 Ne5 35.Rb7 Rd8 36.d6 Nd3
37.Bb6 Rxd6 38.Bxa5 Rc6 39.Rxb5 Rc1+ 40.Kh2 Nxf2 41.Rxf5 Rh1+ 42.Kg3 Ne4+
43.Kf3 Rxh4 44.g3 g6 45.Re5 Nxg3 46.Kxg3 Rh5 47.Kf4 Kf7 48.Bc7 Rh4+ 49.Kg3 Rh5
50.Re3 Rc5 51.Bd6 Rc4 52.Re7+ Kf6 53.Rxh7 Ke6 54.Bb4  1-0